Act My Age- One Direction (All Lyrics) - Statistics

General Stats
  • This quiz has been taken 84 times
  • The average score is 175 of 202
Answer Stats
Answer % Correct
a
98%
act
98%
age
98%
I
98%
my
98%
and
95%
When
95%
when
95%
no
94%
won't
94%
you
94%
old
92%
that
92%
the
92%
I'm
90%
I’m
90%
joke
90%
kids
90%
think
90%
we
89%
after
87%
can
87%
know
87%
to
87%
all
85%
'cause
85%
fat
85%
on
85%
we've
84%
been
82%
count
82%
same
82%
still
82%
feel
81%
through
81%
again
79%
dance
79%
I'll
79%
slow
79%
tell
79%
understand
79%
told
77%
always
76%
little
76%
move
76%
stories
76%
you'll
76%
oh
74%
around
71%
yeah
71%
got
69%
is
66%
up
66%
party
63%
stay
60%
truly
58%
falling
56%
hair
56%
hey
56%
out
55%
throw
55%
we'll
55%
walk
53%
morning
52%
'til
48%
hardly
47%
oh yeah
6%
No matching quizzes found
Score Distribution
Percent of People with Each Score
Percentile by Number Answered
Your Score History
You have not taken this quiz